| 000 | 00673nam a2200217 a 4500 | ||
|---|---|---|---|
| 005 | 20230525063514.0 | ||
| 008 | 991125m19892001mx 000 0 spa u | ||
| 020 | _a9684761333 | ||
| 035 | _aUPN01000002100 | ||
| 049 | _aCG | ||
| 050 | 4 |
_aHX526 _bG7.38 1989 |
|
| 100 | 1 |
_aGramsci, Antonio, _d1891-1937 |
|
| 245 | 1 | 3 |
_aLa alternativa pedagógica / _cAntonio Gramsci ; tr. Carlos Cristos. |
| 260 |
_aMéxico : _bFontamara, _c1989 (2001 impr). |
||
| 300 | _a253 p. | ||
| 440 | 0 |
_aFontamara ; _v47 |
|
| 590 | _a(También localizas un ejemplar en el "Area de Reserva") | ||
| 590 | _aBibliografía Básica (BGTQ) | ||
| 650 | 4 |
_aSocialismo y educación _97302 |
|
| 905 | _aLibro | ||
| 999 |
_c2100 _d2100 |
||